000
00485nam a2200169Ia 4500
008
090711s9999 xx 000 0 und d
082
_b
66195
100
_a
िSारमुले शरSSांद्र वा.
245
_a
पूल
260
_c
1990
300
_a
199
600
_a
िSारमुले शरSSांद्र वा.
630
_a
पूल
700
_a
िSारमुले शरSSांद्र वा.
730
_a
पूल
942
_c
BOOK
999
_c
310760
_d
310760